Never underestimate your dumbness : (Record no. 651)

MARC details
000 -LEADER
fixed length control field 01345cam a22003857a 4500
005 - DATE AND TIME OF LATEST TRANSACTION
control field 20230628105858.0
020 ## - INTERNATIONAL STANDARD BOOK NUMBER
International Standard Book Number 9780439825962
020 ## - INTERNATIONAL STANDARD BOOK NUMBER
International Standard Book Number 0439825962
040 ## - CATALOGING SOURCE
Original cataloging agency IMF
Transcribing agency IMF
Modifying agency IMF
-- BAKER
-- BTCTA
-- DLC
Language of cataloging eng
050 00 - LIBRARY OF CONGRESS CALL NUMBER
Classification number PZ7.B447547
Item number Ne 2008
082 ## - DEWEY DECIMAL CLASSIFICATION NUMBER
Classification number Fic
100 1# - MAIN ENTRY--PERSONAL NAME
Personal name Benton, Jim.
245 10 - TITLE STATEMENT
Title Never underestimate your dumbness :
Remainder of title by Jamie Kelly /
Statement of responsibility, etc. [by Jim Benton].
246 1# - VARYING FORM OF TITLE
Display text At head of title:
Title proper/short title Jim Benton's tales from Mackerel Middle School
260 ## - PUBLICATION, DISTRIBUTION, ETC.
Place of publication, distribution, etc. New York :
Name of publisher, distributor, etc. Scholastic,
Date of publication, distribution, etc. 2008.
300 ## - PHYSICAL DESCRIPTION
Extent 150 pages :
Other physical details illustrator ;
Dimensions 20 cm.
505 ## - FORMATTED CONTENTS NOTE
Formatted contents note U
520 ## - SUMMARY, ETC.
Summary, etc. "...Isabella is probably right. She almost always is...But of all the dumb things she's ever done, this has got to be the dumbest..."--Cover back.
521 0# - TARGET AUDIENCE NOTE
Target audience note 990 <br/>
Source Lexile
521 1# - TARGET AUDIENCE NOTE
Target audience note U <br/>
Source Raz-Plus
650 #1 - SUBJECT ADDED ENTRY--TOPICAL TERM
Topical term or geographic name entry element Diaries
Form subdivision Fiction.
650 #1 - SUBJECT ADDED ENTRY--TOPICAL TERM
Topical term or geographic name entry element Middle schools
Form subdivision Fiction.
650 #1 - SUBJECT ADDED ENTRY--TOPICAL TERM
Topical term or geographic name entry element Schools
Form subdivision Fiction.
650 #1 - SUBJECT ADDED ENTRY--TOPICAL TERM
Topical term or geographic name entry element Middle school students
Form subdivision Fiction.
650 #1 - SUBJECT ADDED ENTRY--TOPICAL TERM
Topical term or geographic name entry element Humorous stories.
650 #7 - SUBJECT ADDED ENTRY--TOPICAL TERM
Topical term or geographic name entry element Diaries
Form subdivision Fiction.
Source of heading or term sears
650 #7 - SUBJECT ADDED ENTRY--TOPICAL TERM
Topical term or geographic name entry element Weddings
Form subdivision Fiction.
Source of heading or term sears
650 #7 - SUBJECT ADDED ENTRY--TOPICAL TERM
Topical term or geographic name entry element Middle schools
Form subdivision Fiction.
Source of heading or term sears
650 #7 - SUBJECT ADDED ENTRY--TOPICAL TERM
Topical term or geographic name entry element School stories.
Source of heading or term sears
650 #7 - SUBJECT ADDED ENTRY--TOPICAL TERM
Topical term or geographic name entry element Humorous fiction.
Source of heading or term sears
906 ## - LOCAL DATA ELEMENT F, LDF (RLIN)
a 7
b ibc
c copycat
d 2
e ncip
f 20
g y-gencatlg
942 ## - ADDED ENTRY ELEMENTS (KOHA)
Source of classification or shelving scheme Dewey Decimal Classification
Koha item type Books
Suppress in OPAC No
999 ## -
-- 651
-- 651
Holdings
Withdrawn status Lost status Source of classification or shelving scheme Damaged status Not for loan Collection Home library Current library Shelving location Date acquired Total Checkouts Full call number Barcode Date last seen Date last checked out Price effective from Koha item type
    Dewey Decimal Classification     Juvenile Fiction Footprints International School Library Network Toul Kork Campus Footprints International School Library Network Toul Kork Campus   06/28/2023 2 BEN Fic PZ7.B447547 2023-0115 05/24/2024 12/07/2023 06/28/2023 Books